000 00359pab a2200145 454500
008 180718b1986 xxu||||| |||| 00| 0 eng d
100 _aPrasad, Pradhan H.
245 _aPoverty in rural India
260 _c1986
300 _a69-86
362 _aJan.-Mar.
650 _aPoverty - India
773 _aJournal of Social and Economic Studies
909 _a15858
999 _c15858
_d15858